000 00786cam a22002291 4500
001 ne 68004654
003 DLC
005 20260227111851.0
008 860128s1966 ua 000 0 ara
010 _ane 68004654
035 _a(OCoLC)13073834
040 _aDLC
_cTxU
_dTxU
_dDLC
042 _apremarc
050 0 0 _aDT154.S9
_bI83
110 2 _aIttiḥād al-Ishtirākī al-ʻArabī (Egypt).
_bAmānat al-Daʻwah wa-al-Fikr.
245 1 0 _aQanāt al-Suways baʻda ʻashr sanawāt min al-taʼmīm.
260 _a[al-Qāhirah,
_bDār wa-Maṭābiʻ al-Shaʻb,
_c1966]
300 _a79 p.
_c24 cm.
490 0 _aMaṭbūʻāt al-Ishtirākī,
_v2
500 _aAt head of title: al-Ittiḥād al-Ishtirākī al-ʻArabī. Amānat al-Daʻwah wa-al-Fikr.
651 0 _aSuez Canal (Egypt)
999 _c51106
_d51106